Sports Quiz

Random Sports Quiz

NFC East Teams' Best Player by Year Quiz Stats

 Plays Quiz not verified by Sporcle

Support Sporcle.
Go Orange.
Score 0/172 Timer 15:00
0 Plays Today
Team Player % Correct
GiantsEli Manning
95.4%
GiantsEli Manning
95.4%
GiantsEli Manning
95.4%
CowboysEmmitt Smith
95%
CowboysEmmitt Smith
95%
CowboysEmmitt Smith
95%
CowboysEmmitt Smith
95%
CowboysTony Romo
95%
CowboysTony Romo
95%
EaglesDonovan McNabb
94.3%
EaglesDonovan McNabb
94.3%
GiantsLawrence Taylor
92%
GiantsLawrence Taylor
92%
GiantsLawrence Taylor
92%
GiantsLawrence Taylor
92%
GiantsLawrence Taylor
92%
GiantsLawrence Taylor
92%
GiantsLawrence Taylor
92%
GiantsTiki Barber
89.7%
GiantsTiki Barber
89.7%
GiantsTiki Barber
89.7%
CowboysRandy White
89.3%
CowboysRandy White
89.3%
CowboysRandy White
89.3%
CowboysRandy White
89.3%
EaglesReggie White
89.3%
EaglesReggie White
89.3%
EaglesReggie White
89.3%
CowboysMichael Irvin
88.5%
RedskinsRobert Griffin III
88.1%
EaglesMichael Vick
87.4%
EaglesMichael Vick
87.4%
GiantsMichael Strahan
87%
GiantsMichael Strahan
87%
GiantsMichael Strahan
87%
GiantsMichael Strahan
87%
GiantsMichael Strahan
87%
CowboysRoger Staubach
86.6%
CowboysRoger Staubach
86.6%
CowboysRoger Staubach
86.6%
CowboysRoger Staubach
86.6%
RedskinsRicky Sanders
85.8%
CowboysDeion Sanders
85.8%
CowboysDeion Sanders
85.8%
CowboysDeion Sanders
85.8%
CowboysDeion Sanders
85.8%
EaglesBrian Westbrook
84.3%
EaglesBrian Westbrook
84.3%
RedskinsJoe Theismann
83.9%
RedskinsJoe Theismann
83.9%
RedskinsJoe Theismann
83.9%
EaglesDeSean Jackson
83.5%
RedskinsClinton Portis
81.2%
CowboysDeMarcus Ware
80.8%
CowboysDeMarcus Ware
80.8%
CowboysDeMarcus Ware
80.8%
EaglesRon Jaworski
78.9%
CowboysLarry Allen
78.5%
Team Player % Correct
CowboysLarry Allen
78.5%
EaglesEric Allen
78.5%
EaglesEric Allen
78.5%
RedskinsDarrell Green
78.2%
RedskinsDarrell Green
78.2%
CowboysTony Dorsett
77.4%
CowboysDrew Bledsoe
77.4%
CowboysEd 'Too Tall' Jones
77%
RedskinsBrad Johnson
76.6%
GiantsRon Johnson
76.6%
GiantsRon Johnson
76.6%
GiantsRon Johnson
76.6%
GiantsPepper Johnson
76.6%
EaglesCharlie Johnson
76.6%
EaglesCharlie Johnson
76.6%
RedskinsLarry Brown
74.3%
RedskinsLarry Brown
74.3%
GiantsDave Brown
74.3%
EaglesGreg Brown
74.3%
EaglesRandall Cunningham
73.9%
RedskinsMark Rypien
71.6%
GiantsJoe Dawkins
70.1%
GiantsJustin Tuck
70.1%
GiantsJustin Tuck
70.1%
EaglesBrian Dawkins
70.1%
CowboysHerschel Walker
69.7%
CowboysHerschel Walker
69.7%
CowboysHerschel Walker
69.7%
RedskinsSantana Moss
68.2%
RedskinsJason Campbell
59.8%
RedskinsLondon Fletcher
57.9%
RedskinsLondon Fletcher
57.9%
GiantsHarry Carson
56.7%
GiantsHarry Carson
56.7%
GiantsRodney Hampton
56.3%
GiantsRodney Hampton
56.3%
RedskinsRuss Grimm
55.6%
CowboysVinny Testaverde
54.4%
GiantsCarl Banks
52.9%
CowboysBob Lilly
51.3%
EaglesWilbert Montgomery
51.3%
RedskinsChamp Bailey
50.2%
EaglesDuce Staley
49.8%
CowboysHarvey Martin
49.4%
GiantsOsi Umenyiora
49%
RedskinsJoe Jacoby
48.7%
RedskinsDexter Manley
48.3%
EaglesMike Quick
47.5%
EaglesJason Peters
46.4%
RedskinsLaveranues Coles
45.2%
EaglesRicky Watters
44.1%
RedskinsLaVar Arrington
42.5%
RedskinsLaVar Arrington
42.5%
RedskinsDeAngelo Hall
40.2%
RedskinsLadell Betts
39.8%
RedskinsGus Frerotte
38.7%
EaglesRoman Gabriel
37.9%
RedskinsMike Thomas
37.2%
Team Player % Correct
EaglesWilliam Thomas
37.2%
EaglesWilliam Thomas
37.2%
CowboysRayfield Wright
35.6%
CowboysRayfield Wright
35.6%
EaglesNorm Snead
35.2%
RedskinsWilber Marshall
34.9%
EaglesJeremiah Trotter
33.3%
EaglesBill Bergey
33%
EaglesBill Bergey
33%
EaglesBill Bergey
33%
EaglesBill Bergey
33%
EaglesBill Bergey
33%
RedskinsKen Houston
31.8%
RedskinsKen Houston
31.8%
RedskinsChris Hanburger
29.9%
RedskinsChris Hanburger
29.9%
EaglesClyde Simmons
29.9%
EaglesClyde Simmons
29.9%
CowboysJay Ratliff
28.7%
CowboysChuck Howley
28.4%
GiantsJessie Armstead
28%
CowboysLa'Roi Glover
25.3%
CowboysLa'Roi Glover
25.3%
EaglesHugh Douglas
25.3%
EaglesHugh Douglas
25.3%
CowboysFlozell Adams
24.9%
EaglesIrving Fryar
24.5%
RedskinsJim Lachey
21.5%
GiantsBrad Van Pelt
20.7%
GiantsBrad Van Pelt
20.7%
GiantsBrad Van Pelt
20.7%
RedskinsReggie Brooks
18.4%
RedskinsMarcus Washington
18.4%
GiantsMichael Brooks
18.4%
GiantsMichael Brooks
18.4%
CowboysHerbert Scott
18%
RedskinsHenry Ellard
16.9%
GiantsMark Haynes
15.3%
RedskinsLemar Parrish
14.6%
RedskinsLemar Parrish
14.6%
EaglesBill Bradley
13.4%
EaglesBill Bradley
13.4%
EaglesWes Hopkins
12.6%
GiantsBob Tucker
11.9%
EaglesQuentin Mikell
11.1%
CowboysEugene Lockhart
10.7%
GiantsKeith Hamilton
10.7%
RedskinsKen Harvey
10.3%
RedskinsMike Bass
10%
RedskinsJack Pardee
7.7%
RedskinsBarry Wilburn
7.3%
RedskinsChris Dishman
5.7%
EaglesWilliam Fuller
5.4%
CowboysDanny Stubbs
3.4%
GiantsChad Bratzke
3.1%
GiantsRay Rhodes
1.9%

You're not logged in!

Compare scores with friends on all Sporcle quizzes.
OR
Log In

From the Vault

Click a Movie President

by Noldeh

Hail to the cinematic chiefs.
Remove Ads.
Support Sporcle.
Get the best of Sporcle when you Go Orange. This ad-free experience offers more features, more stats, and more fun while also helping to support Sporcle. Thank you for becoming a member.

Show Comments

Extras

Top Quizzes Today


Score Distribution

Your Account Isn't Verified!

In order to create a playlist on Sporcle, you need to verify the email address you used during registration. Go to your Sporcle Settings to finish the process.

Report this User

Report this user for behavior that violates our Community Guidelines.

Details: